Normal view
MARC view
- AUTOMOTIVE ELECTRICITY.AUTOMOTIVE ELECTRONICS.AUTOMOTIVE SAFETY AND COMMUNICATION.AUTOMOTIVE CIRCUITS.AUTOMOTIVE WIRING DIAGRAMS.BETTERIES.CHARGING SYSTEMS.IGNITION SYSTEMS
Entry Topical Term
001 - CONTROL NUMBER
- control field: 68416
003 - CONTROL NUMBER IDENTIFIER
- control field: NUST
005 - DATE AND TIME OF LATEST TRANSACTION
- control field: 20210628204038.0
008 - FIXED-LENGTH DATA ELEMENTS
- fixed length control field: 210628|| aca||aabn | a|a d
040 ## - CATALOGING SOURCE
- Original cataloging agency: NUST
- Transcribing agency: NUST
150 ## - HEADING--TOPICAL TERM
- Topical term or geographic name entry element: AUTOMOTIVE ELECTRICITY.AUTOMOTIVE ELECTRONICS.AUTOMOTIVE SAFETY AND COMMUNICATION.AUTOMOTIVE CIRCUITS.AUTOMOTIVE WIRING DIAGRAMS.BETTERIES.CHARGING SYSTEMS.IGNITION SYSTEMS
670 ## - SOURCE DATA FOUND
- Source citation: Work cat.: (NUST): Santini, Al 68415, Automotive electricity and electronics, 2013
